| 000 | 00836nam a2200205 a 4500 | ||
|---|---|---|---|
| 003 | BD-DhJNU | ||
| 005 | 20250120065551.0 | ||
| 008 | 160822b 2005 bg a||| |||| 00| 0 ben d | ||
| 040 |
_aBD-DhJNU _bben _cBD-DhJNU _dBD-DhJNU |
||
| 082 |
_a297.03 ISL _223 |
||
| 110 | _aইসলামিক ফাউন্ডেশন বাংলাদেশ | ||
| 245 | _aইসলামী বিশ্বকোষ, দ্বিতীয় খণ্ড / | ||
| 246 | _aSongkhipto Islami bissokosh / | ||
| 250 | _a2nd ed. | ||
| 260 |
_aঢাকা : _bইসলামিক ফাউন্ডেশন বাংলাদেশ, _c2005. |
||
| 300 |
_a800 p. ; _c26 cm. |
||
| 526 | _aIslamic Studies | ||
| 650 | _aIslamic studies (ইসলাম শিক্ষা). | ||
| 650 | _aIslamic - Encyclopedia (ইসলামী বিশ্বকোষ). | ||
| 999 |
_c1125 _d1125 |
||